The Calvin Coolidge Presidency - Statistics

General Stats
  • This quiz has been taken 470 times
  • The average score is 11 of 15
Answer Stats
Hint Answer % Correct
His political party Republican
96%
Coolidge was President during this era of the United States {Roaring} Twenties
95%
He was often called this, for saying so little {Silent} Cal
91%
His first Secretary of Commerce, who would later become President Herbert Hoover
90%
President he served under as VP Warren G. Harding
87%
He was the only sitting President to visit this Caribbean country until Barack Obama would later do it as well Cuba
86%
Signed an act that granted U.S. citizenship rights to this group of people {Native} Americans
76%
In 1927, this Southern state was hit by a destructive river flood Great {Mississippi} Flood
67%
His home state Massachusetts
66%
His first name John
65%
State where he was born Vermont
62%
Aviator whom Coolidge presented with the Congressional Medal of Honor Charles Lindbergh
60%
International agreement where those who signed pledged not to use war to resolve conflicts (hint: think of a cereal company) {Kellogg}-Briand Pact
60%
His wife's name (starts with G) Grace
51%
His Vice President Charles G. Dawes
41%
No matching quizzes found
Score Distribution
Percent of People with Each Score
Percentile by Number Answered
Your Score History
You have not taken this quiz